<?xml version='1.0' encoding='UTF-8'?>
  <record xmlns="http://www.loc.gov/MARC21/slim">
    <leader>00000cam a2200000 i 4500</leader>
    <controlfield tag="001">ocm64489295</controlfield>
    <controlfield tag="003">OCoLC</controlfield>
    <controlfield tag="005">20250505153712.9</controlfield>
    <controlfield tag="008">870408s1862    ne            000 0 dut d</controlfield>
    <datafield tag="040" ind1=" " ind2=" ">
      <subfield code="a">NLGGC</subfield>
      <subfield code="b">dut</subfield>
      <subfield code="e">fobidrtb</subfield>
      <subfield code="c">NLGGC</subfield>
      <subfield code="d">GRU</subfield>
      <subfield code="d">OCLCA</subfield>
      <subfield code="d">OCLCL</subfield>
      <subfield code="d">OCLCQ</subfield>
    </datafield>
    <datafield tag="029" ind1="0" ind2=" ">
      <subfield code="a">NLGGC</subfield>
      <subfield code="b">037312626</subfield>
    </datafield>
    <datafield tag="035" ind1=" " ind2=" ">
      <subfield code="a">(OCoLC)64489295</subfield>
    </datafield>
    <datafield tag="100" ind1="1" ind2=" ">
      <subfield code="a">Fehse, C.,</subfield>
      <subfield code="d">fl. 1861.</subfield>
      <subfield code="1">https://id.oclc.org/worldcat/entity/E39PCjDHxGp6T7gGGDM4JvPPcP</subfield>
    </datafield>
    <datafield tag="245" ind1="1" ind2="0">
      <subfield code="a">Gemeente-atlas van de provincie Groningen, in 62 kaarten /</subfield>
      <subfield code="c">door C. Fehse.</subfield>
    </datafield>
    <datafield tag="260" ind1=" " ind2=" ">
      <subfield code="a">Groningen :</subfield>
      <subfield code="b">Oomkens,</subfield>
      <subfield code="c">1862.</subfield>
    </datafield>
    <datafield tag="300" ind1=" " ind2=" ">
      <subfield code="a">62 bl. :</subfield>
      <subfield code="b">uitsl. krt. ;</subfield>
      <subfield code="c">26 cm.</subfield>
    </datafield>
    <datafield tag="336" ind1=" " ind2=" ">
      <subfield code="a">tekst</subfield>
      <subfield code="b">txt</subfield>
      <subfield code="2">rdacontent/dut</subfield>
    </datafield>
    <datafield tag="337" ind1=" " ind2=" ">
      <subfield code="a">zonder medium</subfield>
      <subfield code="b">n</subfield>
      <subfield code="2">rdamedia/dut</subfield>
    </datafield>
    <datafield tag="338" ind1=" " ind2=" ">
      <subfield code="a">band</subfield>
      <subfield code="b">nc</subfield>
      <subfield code="2">rdacarrier/dut</subfield>
    </datafield>
    <datafield tag="505" ind1="0" ind2="0">
      <subfield code="g">No. 1.</subfield>
      <subfield code="t">Provincie Groningen --</subfield>
      <subfield code="g">No. 2.</subfield>
      <subfield code="t">Arrondissement Groningen --</subfield>
      <subfield code="g">No. 3.</subfield>
      <subfield code="t">Arrondissement Winschoten --</subfield>
      <subfield code="g">No. 4.</subfield>
      <subfield code="t">Arrondissement Appingedam --</subfield>
      <subfield code="g">No. 5.</subfield>
      <subfield code="t">Gemeente Groningen --</subfield>
      <subfield code="g">No. 6.</subfield>
      <subfield code="t">Platte grond van Groningen --</subfield>
      <subfield code="g">No. 7.</subfield>
      <subfield code="t">Gemeente Aduard --</subfield>
      <subfield code="g">No. 8.</subfield>
      <subfield code="t">Gemeente Ezinge --</subfield>
      <subfield code="g">No. 9.</subfield>
      <subfield code="t">Gemeente Grootegast --</subfield>
      <subfield code="g">No. 10.</subfield>
      <subfield code="t">Gemeente Grijpskerk --</subfield>
      <subfield code="g">No. 11.</subfield>
      <subfield code="t">Gemeente Haren --</subfield>
      <subfield code="g">No. 12.</subfield>
      <subfield code="t">Gemeente Hoogezand --</subfield>
      <subfield code="g">No. 13.</subfield>
      <subfield code="t">Gemeente Hoogkerk --</subfield>
      <subfield code="g">No. 14.</subfield>
      <subfield code="t">Gemeente De Leek --</subfield>
      <subfield code="g">No. 15.</subfield>
      <subfield code="t">Gemeente Marum --</subfield>
      <subfield code="g">No. 16.</subfield>
      <subfield code="t">Gemeente Noorddijk --</subfield>
      <subfield code="g">No. 17.</subfield>
      <subfield code="t">Gemeente Oldehove --</subfield>
      <subfield code="g">No. 18.</subfield>
      <subfield code="t">Gemeente Oldekerk --</subfield>
      <subfield code="g">No. 19.</subfield>
      <subfield code="t">Gemeente Sappemeer --</subfield>
      <subfield code="g">No. 20.</subfield>
      <subfield code="t">Gemeente Slochteren --</subfield>
      <subfield code="g">No. 21.</subfield>
      <subfield code="t">Gemeente Zuidhorn --</subfield>
      <subfield code="g">No. 22.</subfield>
      <subfield code="t">Gemeente Winschoten --</subfield>
      <subfield code="g">No. 23.</subfield>
      <subfield code="t">Gemeente Beerta --</subfield>
      <subfield code="g">No. 24.</subfield>
      <subfield code="g">Gemeente Bellingwolde --</subfield>
      <subfield code="g">No. 25.</subfield>
      <subfield code="t">Gemeente Finsterwolde --</subfield>
      <subfield code="g">No. 26.</subfield>
      <subfield code="t">Gemeente Meeden --</subfield>
      <subfield code="g">No. 27.</subfield>
      <subfield code="t">Gemeente Midwolda --</subfield>
      <subfield code="g">No. 28.</subfield>
      <subfield code="t">Gemeente Muntendam --</subfield>
      <subfield code="g">No. 29.</subfield>
      <subfield code="t">Gemeente Nieuwe Schans --</subfield>
      <subfield code="g">No. 30.</subfield>
      <subfield code="t">Gemeente Nieuwolda --</subfield>
      <subfield code="g">No. 31.</subfield>
      <subfield code="t">Gemeente Noordbroek --</subfield>
      <subfield code="g">No. 32.</subfield>
      <subfield code="t">Gemeente Onstwedde --</subfield>
      <subfield code="g">No. 33.</subfield>
      <subfield code="t">Gemeente Nieuwe Pekela --</subfield>
      <subfield code="g">No. 34.</subfield>
      <subfield code="t">Gemeente Oude Pekela --</subfield>
      <subfield code="g">No. 35.</subfield>
      <subfield code="t">Gemeente Scheemda --</subfield>
      <subfield code="g">No. 36.</subfield>
      <subfield code="t">Gemeente Termunten --</subfield>
      <subfield code="g">No. 37.</subfield>
      <subfield code="t">Gemeente Veendam --</subfield>
      <subfield code="g">No. 38.</subfield>
      <subfield code="t">Gemeente Vlagtwedde --</subfield>
      <subfield code="g">No. 39.</subfield>
      <subfield code="t">Gemeente Wedde --</subfield>
      <subfield code="g">No. 40.</subfield>
      <subfield code="t">Gemeente Wildervank --</subfield>
      <subfield code="g">No. 41.</subfield>
      <subfield code="t">Gemeente Zuidbroek</subfield>
      <subfield code="g">No. 42.</subfield>
      <subfield code="t">Gemeente Appingedam --</subfield>
      <subfield code="g">No. 43.</subfield>
      <subfield code="t">Gemeente Adorp --</subfield>
      <subfield code="g">No. 44.</subfield>
      <subfield code="t">Gemeente Baflo --</subfield>
      <subfield code="g">No. 45.</subfield>
      <subfield code="t">Gemeente Bedum --</subfield>
      <subfield code="g">No. 46.</subfield>
      <subfield code="t">Gemeente Bierum --</subfield>
      <subfield code="g">No. 47.</subfield>
      <subfield code="t">Gemeente Ten Boer --</subfield>
      <subfield code="g">No. 48.</subfield>
      <subfield code="t">Gemeente Delfzijl --</subfield>
      <subfield code="g">No. 49.</subfield>
      <subfield code="t">Gemeente Eenrum --</subfield>
      <subfield code="g">No. 50.</subfield>
      <subfield code="t">Gemeente Kantens --</subfield>
      <subfield code="g">No. 51.</subfield>
      <subfield code="t">Gemeente Kloosterburen --</subfield>
      <subfield code="g">No. 52.</subfield>
      <subfield code="t">Gemeente Leens --</subfield>
      <subfield code="g">No. 53.</subfield>
      <subfield code="t">Gemeente Loppersum --</subfield>
      <subfield code="g">No. 54.</subfield>
      <subfield code="t">Gemeente Middelstum --</subfield>
      <subfield code="g">No. 55.</subfield>
      <subfield code="t">Gemeente Stedum --</subfield>
      <subfield code="g">No. 56.</subfield>
      <subfield code="t">Gemeente Uithuizen --</subfield>
      <subfield code="g">No. 57.</subfield>
      <subfield code="t">Gemeente Uithuistermeeden --</subfield>
      <subfield code="g">No. 58.</subfield>
      <subfield code="t">Gemeente Ulrum --</subfield>
      <subfield code="g">No. 59.</subfield>
      <subfield code="t">Gemeente Uskwerd --</subfield>
      <subfield code="g">No. 60.</subfield>
      <subfield code="t">Gemeente Warffum --</subfield>
      <subfield code="g">No. 61.</subfield>
      <subfield code="t">Gemeente Winsum --</subfield>
      <subfield code="g">No. 62.</subfield>
      <subfield code="t">Gemeente 't Zandt</subfield>
    </datafield>
    <datafield tag="510" ind1="0" ind2=" ">
      <subfield code="a">Koeman Feh 1</subfield>
    </datafield>
    <datafield tag="650" ind1="1" ind2="7">
      <subfield code="a">Gemeenten (overheid)</subfield>
      <subfield code="2">gtt</subfield>
      <subfield code="0">(NL-LeOCL)078516129</subfield>
    </datafield>
    <datafield tag="651" ind1=" " ind2="7">
      <subfield code="a">Nederland.</subfield>
      <subfield code="2">gtt</subfield>
      <subfield code="0">(NL-LeOCL)078600987</subfield>
    </datafield>
    <datafield tag="651" ind1=" " ind2="7">
      <subfield code="a">Groningen (provincie)</subfield>
      <subfield code="2">gtt</subfield>
      <subfield code="0">(NL-LeOCL)07852704X</subfield>
    </datafield>
    <datafield tag="655" ind1=" " ind2="7">
      <subfield code="a">Atlassen (vorm)</subfield>
      <subfield code="2">gtt</subfield>
      <subfield code="0">(NL-LeOCL)088141551</subfield>
    </datafield>
    <datafield tag="936" ind1=" " ind2=" ">
      <subfield code="a">BATCHLOAD</subfield>
    </datafield>
  </record>